000 00655nam a2200241Ia 4500
003 OSt
005 20221005050739.0
006 a|||||r|||| 00| 0
007 ta
008 221004b |||||||| |||| 00| 0 urd d
024 _a8148
037 _cTextual
040 _aCRL
_cCRL
_burd
041 _2urd
_aurd
082 _aO168,6M36x, N4
100 _aShauq Abud ur rehman
_9595119
245 0 _aMaulvi Nazeer Ahmad sahab ke ilmi mazamin
260 _aLahore
_bTazir Kitab
_c1944
300 _a128p.
_ccm.
650 _aURDU LITERATURE
942 _hO168,6M36x, N4
_cTEXL
_2cc
999 _c957647
_d957647